Chanson à trous : La Reine des Neige - Libérée Délibrée - Statistiques

Statistiques générales
  • Ce quiz a été pris 823 fois
  • Le résultat moyen est 18 sur 22
Statistiques - réponses
Couplets Libérée Délivrée - La Reine des Neige % Correct
1 L'hiver s'installe doucement dans la nuit La {neige} est reine à son tour
97%
2 Un royaume de {solitude} Ma place est là pour toujours
97%
5 Cache {tes} {pouvoirs}, n'en parle pas Fais attention, le secret survivra
95%
10 Le froid est pour moi le prix de la {liberté}
95%
22 Perdue dans l'hiver Le froid est pour moi le prix de la {liberté}
95%
4 Il est bien trop fort J'ai lutté, {en} {vain}
94%
8 Libérée, Délivrée C'est décidé, je {m}'{en} {vais}
94%
3 Le vent qui {hurle} {en} {moi} ne pense plus à demain
92%
7 Libérée, Délivrée Je ne {mentirai} plus jamais
92%
6 Pas d'états d'âme, pas de {tourments} De sentiments
90%
13 Je veux voir ce que je peux faire De cette magie pleine de {mystères} Le bien, le mal, je dis tant pis, tant pis
88%
9 J'ai laissé {mon} {enfance} en été Perdue dans l'hiver
87%
11 Quand on prend {de} {la} {hauteur} Tout semble insignifiant
84%
12 La {tristesse}, l'angoisse et la peur M'ont quittées depuis longtemps
83%
14 Libérée, Délivrée Les étoiles {me} {tendent} les bras
82%
19 Non je ne reviendrai pas Le {passé} est {passé} !
77%
20 Libérée, Délivrée Désormais plus rien ne {m}'{arrête}
74%
21 Libérée, Délivrée Plus de {princesse} parfaite Je suis là ! Comme je l'ai rêvé !
71%
17 Mon âme s'exprime en dessinant et {sculptant} dans la glace
68%
16 Perdue dans l'hiver Mon pouvoir vient {du} {ciel} et envahit l'espace
66%
18 Et mes pensées sont des {fleurs} de cristal gelées.
63%
15 Libérée, Délivrée Non, je ne {pleure} pas Me voilà ! Oui, je suis là !
58%
Aucun quiz correspondant
Distribution des résultats
% des personnes avec chaque résultat
Percentile par nombre de réponses
Votre historique - résultats
Vous n’avez pas pris ce quiz